Guess the Shawn Mendes song with no hints #2 - Statistiken

Allgemein
  • Dieses Quiz wurde 116 mal gespielt
  • Das Durchschnittsergebnis liegt bei 137 aus 258
Antwortstatistiken
Antwort % Korrekt
I
99%
I,
99%
I?
99%
you
95%
me?
88%
me,
88%
me
88%
the
81%
Do
72%
do
72%
And,
69%
And
69%
we
67%
it
60%
know
58%
to
58%
your
58%
that
53%
don't
48%
not
47%
Not
47%
So
47%
feel
46%
for
45%
baby
43%
same
43%
think
43%
about
42%
ever
42%
ever,
42%
all?
41%
all
41%
one
41%
one?
41%
at
40%
how
40%
only
40%
way?
39%
I'm
37%
Oh,
36%
oh
36%
Oh
36%
now
35%
But
33%
mind?
33%
ya?
33%
cross
30%
listen
30%
remember
30%
ruin
30%
Ruin
30%
tell
29%
wanna,
28%
wanna
28%
babe
27%
felt?
27%
tryna
27%
'Cause
25%
happiness
25%
happiness,
25%
darling
24%
Yeah
23%
said
18%
Keine übereinstimmenden Quizze gefunden
Verteilung der Resultate
Anzahl Personen mit jedem Resultat
Perzentil nach korrekt beantworteten Fragen
Ihre Resultats-Entwicklung
Sie haben dieses Quiz noch nicht gespielt